000 00712nam a2200205 a 4500
001 000028833
005 20250129142215.0
008 110412s2008 dr a r 000 0 spa d
040 _aDO-SdBNP
_bspa
_cBNPHU
082 _a363.63
_bG215u
100 1 _aGarcés Mallen, Jorge
_955818
245 1 0 _aUso y manejo seguro del gas licuado de petróleo /
_cJorge Garcés Mallen.
260 _aSanto Domingo :
_bPropagas,
_c2008.
300 _a103 p. :
_bil. ;
_c28 cm.
650 0 _aGas licuado de petróleo
_955819
650 4 _aCombustibles
_xMedidas de seguridad
_955820
650 4 _aCompañías de gas
_955821
650 4 _aIndustria del gas
_xEquipos y accesorios
_955822
910 _aValidado. Control de calidad. EMS
999 _c28325
_d28325